000 00483nam a2200157Ia 4500
008 160316s2005 xxu||||| |||| 00| 0 eng d
082 _a341.770000
_bCRY
100 _aCryer Robert
245 _aProsecuting international crimes : Selectivity and the international criminal law regime
250 _a
260 _aCambridge
_bCambridge University Press
_c2005
300 _a360p
_b
_cxxiv
365 _bRs.4,944
650 _a1. Prosecution 2. International Offenses
700 _a
_a
999 _c22889
_d22889